[Event "SC-2011-0-00124"]
[Site "LSS email"]
[Date "2011.10.27"]
[Round "?"]
[White "Moreira, Carlos Alberto Lima"]
[Black "Luethi, Hansjuerg"]
[Result "1-0"]
[WhiteElo "1730"]
[BlackElo "1666"]
[PlyCount "75"]
[EventDate "2011.09.19"]
[EventType "tourn (corr)"]
[EventRounds "6"]
[EventCountry "GER"]
[SourceTitle "Corr 2015"]
[Source "ChessBase"]
[SourceDate "2015.07.17"]
[SourceVersion "1"]
[SourceVersionDate "2015.07.17"]
[SourceQuality "1"]

1. c4 e5 2. Nc3 Nc6 3. g3 g6 4. Bg2 Bg7 5. e3 d6 6. Nge2 Nge7 7. 0-0 Be6 8. Nd5 Qd7 9. Nec3 h5 10. Qb3 Nd8 11. d4 exd4 12. exd4 Nf5 13. Bg5 Nxd4 14. Qd1 Bxd5 15. cxd5 0-0 16. Qd2 c5 17. Rae1 f6 18. Be3 Nf5 19. Ne2 Nxe3 20. fxe3 Qg4 21. Nf4 f5 22. Kh1 Qg5 23. e4 Be5 24. exf5 Rxf5 25. Qd3 Kg7 26. Be4 Rf6 27. Qb5 Qg4 28. Ne6+ Rxe6 29. Qd7+ Kh6 30. Bf3 Qf5 31. Bg2 Rf6 32. Rxf5 Rxf5 33. Rf1 Rxf1+ 34. Bxf1 a6 35. Bd3 c4 36. Bxc4 b5 37. Bd3 b4 38. Qe8 1-0

[Event "SC-2011-0-00124"]
[Site "LSS email"]
[Date "2011.10.26"]
[Round "?"]
[White "Luethi, Hansjuerg"]
[Black "Santos, Sebastiao"]
[Result "0-1"]
[WhiteElo "1666"]
[BlackElo "1872"]
[PlyCount "66"]
[EventDate "2011.09.19"]
[EventType "tourn (corr)"]
[EventRounds "6"]
[EventCountry "GER"]
[SourceTitle "Corr 2015"]
[Source "ChessBase"]
[SourceDate "2015.07.17"]
[SourceVersion "1"]
[SourceVersionDate "2015.07.17"]
[SourceQuality "1"]

1. e4 c6 2. d4 d5 3. Nc3 dxe4 4. Nxe4 Nf6 5. Nxf6+ exf6 6. Nf3 Bd6 7. Bd3 0-0 8. 0-0 Re8 9. h3 Be6 10. Be3 Nd7 11. c4 Nf8 12. Re1 Ng6 13. Qa4 Qd7 14. Bf1 a6 15. d5 cxd5 16. Qxd7 Bxd7 17. cxd5 Nf4 18. Rad1 Rac8 19. b3 g5 20. Nd2 Bb4 21. Bxf4 Rxe1 22. Rxe1 gxf4 23. Rd1 Rc2 24. Ne4 Kg7 25. a3 Bxa3 26. Bd3 Rb2 27. Rb1 Rxb1+ 28. Bxb1 f5 29. Nc3 Kf6 30. Bc2 b5 31. Bd1 Ke5 32. Bf3 Bd6 33. Kf1 a5 0-1

[Event "OP-2011-0-01836"]
[Site "LSS email"]
[Date "2011.10.25"]
[Round "?"]
[White "Luethi, Hansjuerg"]
[Black "Hammerschmidt, Volker"]
[Result "1/2-1/2"]
[WhiteElo "1652"]
[BlackElo "1547"]
[PlyCount "112"]
[EventDate "2011.10.21"]
[EventType "tourn (corr)"]
[EventRounds "4"]
[EventCountry "GER"]
[SourceTitle "Telechess CBM 149"]
[Source "ChessBase"]
[SourceDate "2012.07.17"]
[SourceVersion "1"]
[SourceVersionDate "2012.07.17"]
[SourceQuality "1"]

1. e4 e5 2. Nf3 Nc6 3. Bb5 Bc5 4. 0-0 Qf6 5. d3 Nge7 6. Be3 Bxe3 7. fxe3 0-0 8. c4 Qh6 9. Qe2 d6 10. Nc3 Bg4 11. Bxc6 bxc6 12. h3 Be6 13. d4 f6 14. Rad1 Qg6 15. Kh2 Qh5 16. b3 Rab8 17. Qd3 Rb4 18. Ne2 Qe8 19. c5 Ng6 20. Qa6 dxc5 21. Qxa7 Qe7 22. Ng3 exd4 23. exd4 c4 24. bxc4 Bxc4 25. Rf2 Qd6 26. Rc1 Be6 27. Qa5 Rb6 28. Rc5 Qd7 29. Rfc2 Nf4 30. Qd2 g5 31. h4 h6 32. R2c3 Qd6 33. a4 Rfb8 34. a5 Rb2 35. Rc2 Rxc2 36. Qxc2 gxh4 37. Nxh4 Qxd4 38. Ngf5 Bxf5 39. Nxf5 Qb2 40. a6 Qxc2 41. Rxc2 Kf7 42. Nd4 c5 43. Rxc5 Ne6 44. Nxe6 Kxe6 45. Rxc7 Rb3 46. Ra7 Ra3 47. Ra8 Kf7 48. g3 Ra2+ 49. Kh3 h5 50. g4 hxg4+ 51. Kxg4 Ra3 52. Kf4 Kg6 53. a7 Kg7 54. Kg4 Kh7 55. Kf5 Ra6 56. e5 fxe5 1/2-1/2

[Event "SC-2011-0-00101"]
[Site "LSS email"]
[Date "2011.05.13"]
[Round "?"]
[White "Bascetta, Biagio J"]
[Black "Luethi, Hansjuerg"]
[Result "1/2-1/2"]
[WhiteElo "1673"]
[BlackElo "1664"]
[PlyCount "77"]
[EventDate "2011.04.06"]
[EventType "tourn (corr)"]
[EventRounds "6"]
[EventCountry "GER"]
[SourceTitle "Telechess CBM 149"]
[Source "ChessBase"]
[SourceDate "2012.07.17"]
[SourceVersion "1"]
[SourceVersionDate "2012.07.17"]
[SourceQuality "1"]

1. d4 d5 2. c4 dxc4 3. Nf3 Nf6 4. e3 e6 5. Bxc4 c5 6. 0-0 a6 7. Bb3 Nc6 8. Nc3 b5 9. Qe2 Bb7 10. Rd1 Na5 11. e4 Nxb3 12. axb3 cxd4 13. Nxd4 Qc7 14. e5 Nd7 15. Bf4 Rc8 16. Qg4 b4 17. Na4 Bd5 18. Qg3 Qb7 19. h4 h6 20. h5 g5 21. hxg6 Rg8 22. Qh3 Rxg6 23. g3 Qb8 24. Qh5 Bg7 25. Re1 Ba8 26. Rad1 Qb7 27. Qh3 Rd8 28. Rd2 Bh8 29. Kf1 a5 30. f3 Qa6+ 31. Kg2 Bg7 32. Kh2 Nb8 33. Nc5 Qb6 34. Rc1 Rd5 35. Na4 Qd8 36. Qh4 Nd7 37. Qxd8+ Kxd8 38. Kg2 Bh8 39. Rdd1 1/2-1/2

[Event "SC-2011-0-00101"]
[Site "LSS email"]
[Date "2011.05.13"]
[Round "?"]
[White "Luethi, Hansjuerg"]
[Black "Lizorkina, Veronika"]
[Result "0-1"]
[WhiteElo "1664"]
[BlackElo "2056"]
[PlyCount "24"]
[EventDate "2011.04.06"]
[EventType "tourn (corr)"]
[EventRounds "6"]
[EventCountry "GER"]
[SourceTitle "Corr 2015"]
[Source "ChessBase"]
[SourceDate "2015.07.17"]
[SourceVersion "1"]
[SourceVersionDate "2015.07.17"]
[SourceQuality "1"]

1. e4 c5 2. Nf3 Nf6 3. e5 Nd5 4. Nc3 Nxc3 5. dxc3 Nc6 6. Bc4 e6 7. 0-0 b6 8. Bf4 Qc7 9. Qe2 f5 10. a3 Be7 11. Rad1 0-0 12. Rd2 h6 0-1

[Event "SC-2011-0-00101"]
[Site "LSS email"]
[Date "2011.05.13"]
[Round "?"]
[White "Luethi, Hansjuerg"]
[Black "Pott, Brian"]
[Result "1/2-1/2"]
[WhiteElo "1664"]
[BlackElo "1651"]
[PlyCount "79"]
[EventDate "2011.04.06"]
[EventType "tourn (corr)"]
[EventRounds "6"]
[EventCountry "GER"]
[SourceTitle "Telechess CBM 149"]
[Source "ChessBase"]
[SourceDate "2012.07.17"]
[SourceVersion "1"]
[SourceVersionDate "2012.07.17"]
[SourceQuality "1"]

1. e4 e5 2. Nf3 Nc6 3. Bb5 a6 4. Bxc6 dxc6 5. 0-0 f6 6. d4 Bg4 7. dxe5 Qxd1 8. Rxd1 fxe5 9. Rd3 Bd6 10. Nbd2 Nf6 11. Nc4 Nxe4 12. Nfxe5 Be6 13. f3 Bxe5 14. Nxe5 Nc5 15. Rd1 Nd7 16. Nxd7 0-0-0 17. Bh6 gxh6 18. Nc5 Bf5 19. c4 Rd6 20. Re1 Rd2 21. b3 h5 22. Re5 Rg8 23. g3 Rf8 24. Rae1 Bg6 25. f4 Rxa2 26. f5 Bf7 27. Re7 Rd2 28. R1e5 h6 29. Kf1 a5 30. Ke1 Rd4 31. Ne6 Bxe6 32. R7xe6 a4 33. bxa4 h4 34. Rxh6 Rxc4 35. a5 hxg3 36. hxg3 Rg4 37. Re7 Kd8 38. Rhh7 Rxf5 39. Rd7+ Ke8 40. Rxc7 1/2-1/2

[Event "BI-2011-P-00034"]
[Site "LSS email"]
[Date "2011.04.17"]
[Round "?"]
[White "Cardoso Garcia, Sergio"]
[Black "Luethi, Hansjuerg"]
[Result "1-0"]
[WhiteElo "2005"]
[BlackElo "1664"]
[PlyCount "89"]
[EventDate "2011.04.20"]
[EventType "tourn (corr)"]
[EventRounds "10"]
[EventCountry "GER"]
[SourceTitle "Telechess CBM 157"]
[Source "ChessBase"]
[SourceDate "2013.11.12"]
[SourceVersion "1"]
[SourceVersionDate "2013.11.12"]
[SourceQuality "1"]

1. e4 c5 2. Nf3 Nc6 3. d4 cxd4 4. Nxd4 g6 5. c4 Nf6 6. Nc3 d6 7. Be2 Nxd4 8. Qxd4 Bg7 9. 0-0 0-0 10. Qd3 Bd7 11. Be3 a5 12. Rad1 Bc6 13. Nd5 Nd7 14. Qa3 e6 15. Qxd6 exd5 16. exd5 Be5 17. Qa3 Re8 18. dxc6 bxc6 19. Qd3 Nf6 20. Qxd8 Raxd8 21. Bf3 c5 22. Rxd8 Rxd8 23. b3 Bd4 24. Rd1 Rd7 25. Bxd4 Rxd4 26. Rxd4 cxd4 27. Kf1 Nd7 28. a3 h6 29. Ke2 Kf8 30. b4 axb4 31. axb4 Ne5 32. c5 Ke7 33. Be4 g5 34. b5 Ke6 35. b6 Kd7 36. h4 f5 37. hxg5 fxe4 38. gxh6 Kc6 39. g4 Ng6 40. h7 Kb7 41. g5 Kc6 42. Kd2 Nh8 43. Kc2 Ng6 44. Kb3 Kb7 45. Kc4 1-0

[Event "BI-2011-P-00034"]
[Site "LSS email"]
[Date "2011.04.17"]
[Round "?"]
[White "Luethi, Hansjuerg"]
[Black "Aksenov, Aleksandr Aleksandr"]
[Result "0-1"]
[WhiteElo "1664"]
[BlackElo "1867"]
[PlyCount "94"]
[EventDate "2011.04.20"]
[EventType "tourn (corr)"]
[EventRounds "10"]
[EventCountry "GER"]
[SourceTitle "Telechess CBM 157"]
[Source "ChessBase"]
[SourceDate "2013.11.12"]
[SourceVersion "1"]
[SourceVersionDate "2013.11.12"]
[SourceQuality "1"]

1. e4 c5 2. Nf3 d6 3. d4 cxd4 4. Nxd4 Nf6 5. Nc3 a6 6. Be3 e5 7. Nf3 Be7 8. Be2 0-0 9. 0-0 Be6 10. Qd2 h6 11. Rfd1 Nbd7 12. Ne1 Qc7 13. a4 Rac8 14. a5 Nc5 15. Bf3 Bc4 16. Ra3 Be6 17. Qe2 Bd7 18. b4 Ne6 19. Qd2 Ng5 20. Bxg5 hxg5 21. Qxg5 d5 22. Nd3 Rfe8 23. Qg3 Bd6 24. h3 d4 25. Ne2 Bc6 26. c4 Qe7 27. c5 Bb8 28. Re1 Nxe4 29. Bxe4 Bxe4 30. Qg4 f5 31. Qh5 Qf6 32. Ng3 Bxd3 33. Rxd3 e4 34. Rb3 d3 35. Nf1 Rf8 36. Qd1 Rc6 37. Qc1 Kh7 38. Qc4 Qh6 39. Rb2 Rg6 40. Kh1 Rff6 41. Qd5 Rg5 42. Ng3 Bxg3 43. fxg3 Rxg3 44. Rf1 Qg5 45. Ra2 Rg6 46. Qxf5 Qxf5 47. Rxf5 e3 0-1

[Event "BI-2011-P-00034"]
[Site "LSS email"]
[Date "2011.04.17"]
[Round "?"]
[White "Pietrzak, Wojciech"]
[Black "Luethi, Hansjuerg"]
[Result "1-0"]
[WhiteElo "1396"]
[BlackElo "1664"]
[PlyCount "61"]
[EventDate "2011.04.20"]
[EventType "tourn (corr)"]
[EventRounds "10"]
[EventCountry "GER"]
[SourceTitle "Telechess CBM 157"]
[Source "ChessBase"]
[SourceDate "2013.11.12"]
[SourceVersion "1"]
[SourceVersionDate "2013.11.12"]
[SourceQuality "1"]

1. e4 e5 2. Nf3 Nc6 3. Bb5 a6 4. Bxc6 dxc6 5. 0-0 Bg4 6. h3 h5 7. d3 Qf6 8. Nbd2 Ne7 9. Re1 Bd7 10. Nc4 Ng6 11. d4 exd4 12. e5 Qe6 13. Nd6+ cxd6 14. exd6 0-0-0 15. Rxe6 Bxe6 16. Nxd4 Rxd6 17. b4 Nh4 18. Bf4 Rd5 19. c3 Nf5 20. Qe1 Nxd4 21. cxd4 Rxd4 22. Qe5 Rd6 23. a4 Be7 24. b5 Rhd8 25. bxa6 bxa6 26. Qe2 Rd3 27. Rb1 R8d4 28. Be5 Rd5 29. Qxh5 Bf6 30. Qh8+ Kd7 31. Rb7# 1-0

[Event "OP-2011-0-01489"]
[Site "LSS email"]
[Date "2011.04.16"]
[Round "?"]
[White "Luethi, Hansjuerg"]
[Black "Thurrott, Allan"]
[Result "0-1"]
[WhiteElo "1664"]
[BlackElo "1816"]
[PlyCount "88"]
[EventDate "2011.04.11"]
[EventType "tourn (corr)"]
[EventRounds "4"]
[EventCountry "GER"]
[SourceTitle "Telechess CBM 151"]
[Source "ChessBase"]
[SourceDate "2012.11.13"]
[SourceVersion "1"]
[SourceVersionDate "2012.11.13"]
[SourceQuality "1"]

1. e4 e5 2. Nf3 Nc6 3. Bb5 a6 4. Bxc6 dxc6 5. 0-0 Ne7 6. Nxe5 Qd4 7. Qh5 g6 8. Qg5 Bg7 9. Nd3 f5 10. exf5 Bxf5 11. Ne1 Qd7 12. d3 0-0-0 13. Nd2 h6 14. Qe3 Kb8 15. Nef3 Nd5 16. Qc5 Rhe8 17. Qc4 g5 18. Nb3 Bh3 19. Nc5 Qc8 20. Be3 Bxg2 21. Nxa6+ bxa6 22. Kxg2 Rxe3 23. Qb3+ Ka7 24. fxe3 Nxe3+ 25. Kf2 Nxf1 26. Rxf1 Rf8 27. Ke1 Qe8+ 28. Kd2 Qh5 29. d4 g4 30. Ne5 Qxh2+ 31. Ke1 Rxf1+ 32. Kxf1 Bxe5 33. dxe5 Qxe5 34. Qf7 h5 35. a4 c5 36. Qf2 g3 37. Qf8 h4 38. Kg2 Qe2+ 39. Kh3 Qh2+ 40. Kg4 Qxc2 41. Kh3 Qf2 42. Qe7 Kb7 43. Qe5 g2 44. Qd5+ Ka7 0-1

[Event "OP-2011-0-01489"]
[Site "LSS email"]
[Date "2011.04.16"]
[Round "?"]
[White "Razumov, Aleksandr Nikolaevi"]
[Black "Luethi, Hansjuerg"]
[Result "1-0"]
[WhiteElo "1501"]
[BlackElo "1664"]
[PlyCount "65"]
[EventDate "2011.04.11"]
[EventType "tourn (corr)"]
[EventRounds "4"]
[EventCountry "GER"]
[SourceTitle "Telechess CBM 151"]
[Source "ChessBase"]
[SourceDate "2012.11.13"]
[SourceVersion "1"]
[SourceVersionDate "2012.11.13"]
[SourceQuality "1"]

1. d4 d5 2. c4 dxc4 3. e3 Nf6 4. Bxc4 e6 5. Nf3 c5 6. 0-0 Bd6 7. dxc5 Bxc5 8. Qc2 Qc7 9. Na3 Bxa3 10. Bb5+ Nc6 11. bxa3 a6 12. Bxc6+ Qxc6 13. Qxc6+ bxc6 14. Bb2 0-0 15. Rfc1 Bd7 16. Ne5 Rfc8 17. Nc4 Rd8 18. Be5 Be8 19. Rab1 Nd5 20. e4 Ne7 21. Bd6 Nc8 22. Bc5 f6 23. f3 e5 24. Rd1 Rxd1+ 25. Rxd1 Na7 26. a4 h5 27. h4 Kh7 28. Nd6 Bg6 29. Nf5 Nc8 30. Rb1 Kg8 31. Rb7 Bxf5 32. exf5 a5 33. g4 1-0

[Event "OP-2011-0-01371"]
[Site "LSS email"]
[Date "2011.01.13"]
[Round "?"]
[White "Feng, Jason"]
[Black "Luethi, Hansjuerg"]
[Result "0-1"]
[WhiteElo "822"]
[BlackElo "1755"]
[PlyCount "60"]
[EventDate "2011.01.06"]
[EventType "tourn (corr)"]
[EventRounds "4"]
[EventCountry "GER"]
[SourceTitle "Telechess CBM 147"]
[Source "ChessBase"]
[SourceDate "2012.03.16"]
[SourceVersion "1"]
[SourceVersionDate "2012.03.16"]
[SourceQuality "1"]

1. d4 d5 2. c4 dxc4 3. e4 e5 4. Nf3 exd4 5. Bxc4 Bb4+ 6. Bd2 Bxd2+ 7. Qxd2 c5 8. 0-0 Nc6 9. Ng5 Nh6 10. Qf4 0-0 11. Nd2 Qe7 12. Ndf3 Ng4 13. h3 Nge5 14. Nxe5 Nxe5 15. Bd5 h6 16. Nf3 Nd3 17. Qd2 Nb4 18. a3 Nxd5 19. exd5 b6 20. b4 Qd6 21. bxc5 bxc5 22. Rfe1 Bb7 23. Re2 Bxd5 24. Ne5 Rfe8 25. Nd3 c4 26. Nb4 Bb7 27. Rae1 Rxe2 28. Rxe2 c3 29. Qd3 Rd8 30. Nc2 Ba6 0-1

[Event "ZI-2010-0-00806"]
[Site "LSS email"]
[Date "2010.10.11"]
[Round "?"]
[White "Luethi, Hansjuerg"]
[Black "Teverovski, Bogoljub"]
[Result "1/2-1/2"]
[WhiteElo "1791"]
[BlackElo "1685"]
[PlyCount "91"]
[EventDate "2010.09.30"]
[EventType "match (corr)"]
[EventRounds "2"]
[EventCountry "GER"]
[SourceTitle "Telechess CBM 145"]
[Source "Chessbase"]
[SourceDate "2011.11.11"]
[SourceVersion "1"]
[SourceVersionDate "2011.11.11"]
[SourceQuality "1"]

1. e4 c5 2. Nf3 a6 3. Nc3 e6 4. d4 cxd4 5. Nxd4 Nc6 6. Be2 Nge7 7. Bf4 Ng6 8. Nxc6 bxc6 9. Bd6 Bxd6 10. Qxd6 Qe7 11. 0-0-0 Qxd6 12. Rxd6 Ke7 13. Rhd1 Nf4 14. g3 Nd5 15. Nxd5+ cxd5 16. e5 f6 17. f4 Rf8 18. Bd3 Rb8 19. b3 a5 20. Re1 a4 21. bxa4 fxe5 22. fxe5 Ra8 23. Kb2 Rf2 24. Re2 Rxe2 25. Bxe2 Rxa4 26. Bd3 Bb7 27. Rb6 Bc6 28. Bxh7 Rg4 29. Bd3 Rg5 30. Rb4 Rxe5 31. a4 Rh5 32. h4 Rh8 33. a5 e5 34. a6 Rc8 35. Rg4 e4 36. Be2 Kf6 37. h5 g5 38. hxg6 Kg7 39. c3 Rb8+ 40. Ka2 Rb6 41. Ka3 Bb5 42. Bxb5 Rxb5 43. Ka4 Rb6 44. Ka5 Rc6 45. Rg5 e3 46. Rxd5 1/2-1/2

[Event "ZI-2010-0-00806"]
[Site "LSS email"]
[Date "2010.10.11"]
[Round "?"]
[White "Teverovski, Bogoljub"]
[Black "Luethi, Hansjuerg"]
[Result "1-0"]
[WhiteElo "1685"]
[BlackElo "1791"]
[PlyCount "95"]
[EventDate "2010.09.30"]
[EventType "match (corr)"]
[EventRounds "2"]
[EventCountry "GER"]
[SourceTitle "Telechess CBM 145"]
[Source "Chessbase"]
[SourceDate "2011.11.11"]
[SourceVersion "1"]
[SourceVersionDate "2011.11.11"]
[SourceQuality "1"]

1. d4 d5 2. c4 c6 3. Nf3 Nf6 4. Nc3 dxc4 5. a4 Bf5 6. Ne5 e6 7. f3 Bb4 8. e4 Bxe4 9. fxe4 Nxe4 10. Bd2 Qxd4 11. Nxe4 Qxe4+ 12. Qe2 Bxd2+ 13. Kxd2 Qd5+ 14. Kc3 0-0 15. Qe3 b5 16. Be2 Nd7 17. Nxd7 Qxd7 18. Rhd1 Qc7 19. axb5 cxb5 20. Bf3 b4+ 21. Kc2 Rac8 22. Rxa7 Qxh2 23. Rd4 Qg3 24. Rb7 Qg6+ 25. Qe4 b3+ 26. Kc3 Qf6 27. Rb4 Rfe8 28. Rbxc4 e5 29. Rd5 Rb8 30. Rcc5 Qh6 31. Rb5 Qc6+ 32. Qc4 Qf6 33. Be4 Rbc8 34. Rdc5 Rxc5 35. Qxc5 Qf4 36. Qc4 g6 37. Kxb3 Qe3+ 38. Qd3 Qxd3+ 39. Bxd3 e4 40. Be2 f5 41. Kc3 Re7 42. b4 Kf7 43. Rd5 Kf6 44. b5 Rb7 45. Kd4 Kg5 46. Rd6 Kf4 47. b6 Re7 48. Rc6 1-0

[Event "CP-2010-P-00051"]
[Site "LSS email"]
[Date "2010.09.28"]
[Round "?"]
[White "Bontems, Cyrille"]
[Black "Luethi, Hansjuerg"]
[Result "1/2-1/2"]
[WhiteElo "1621"]
[BlackElo "1664"]
[PlyCount "86"]
[EventDate "2010.10.01"]
[EventType "tourn (corr)"]
[EventRounds "6"]
[EventCountry "GER"]
[SourceTitle "Telechess CBM 151"]
[Source "ChessBase"]
[SourceDate "2012.11.13"]
[SourceVersion "1"]
[SourceVersionDate "2012.11.13"]
[SourceQuality "1"]

1. e4 c5 2. Nf3 e6 3. d4 cxd4 4. Nxd4 a6 5. Bd3 b5 6. 0-0 Bb7 7. a4 b4 8. Qe2 Qc7 9. Nd2 d6 10. Re1 Nd7 11. Nc4 Ngf6 12. Bd2 Rc8 13. Bxb4 Bxe4 14. Ba5 Qc5 15. Bxe4 Qxd4 16. Bd3 d5 17. Bc3 Qg4 18. Qxg4 Nxg4 19. Ne3 Nxe3 20. Rxe3 Rc6 21. Bd4 f6 22. c4 dxc4 23. Rc1 Rd6 24. Rxc4 Be7 25. Be2 Kf7 26. Rb3 Rd8 27. Rb7 f5 28. g3 Rb8 29. Rxb8 Nxb8 30. Be3 Nc6 31. Kg2 e5 32. Rc5 f4 33. Bc1 g5 34. Bc4+ Ke8 35. Rd5 Rxd5 36. Bxd5 Kd7 37. b3 Nd4 38. Bd2 Kd6 39. Bc4 f3+ 40. Kf1 Kc6 41. b4 Kb6 42. a5+ Kb7 43. Bd3 h6 1/2-1/2

[Event "CP-2010-P-00051"]
[Site "LSS email"]
[Date "2010.09.28"]
[Round "?"]
[White "Luethi, Hansjuerg"]
[Black "Testa, Italo"]
[Result "1-0"]
[WhiteElo "1862"]
[BlackElo "1421"]
[PlyCount "43"]
[EventDate "2010.10.01"]
[EventType "tourn (corr)"]
[EventRounds "6"]
[EventCountry "GER"]
[SourceTitle "Telechess CBM 143"]
[Source "ChessBase"]
[SourceDate "2011.07.15"]
[SourceVersion "1"]
[SourceVersionDate "2011.07.15"]
[SourceQuality "1"]

1. e4 e5 2. Nf3 d6 3. d4 exd4 4. Qxd4 h6 5. Nc3 Nf6 6. Bf4 Be7 7. 0-0-0 Nc6 8. Bb5 Bd7 9. Bxc6 Bxc6 10. e5 dxe5 11. Qxe5 Qc8 12. Rhe1 0-0 13. Qxe7 Qf5 14. Qxc7 Rac8 15. Qe5 Qg4 16. Bxh6 gxh6 17. Qxf6 Qg6 18. Qf4 Kh7 19. Rd6 Qg7 20. Ne4 Bxe4 21. Rxe4 Qxg2 22. Rxh6+ 1-0

[Event "LSS SB-2010-0-00109"]
[Site "LSS email"]
[Date "2010.09.21"]
[Round "?"]
[White "Luethi, Hansjuerg"]
[Black "Bujdak, Pavol"]
[Result "1-0"]
[WhiteElo "1664"]
[BlackElo "1798"]
[PlyCount "133"]
[EventDate "2010.08.16"]
[EventType "tourn (corr)"]
[EventRounds "6"]
[EventCountry "GER"]
[SourceTitle "Telechess CBM 149"]
[Source "ChessBase"]
[SourceDate "2012.07.17"]
[SourceVersion "1"]
[SourceVersionDate "2012.07.17"]
[SourceQuality "1"]

1. e4 e5 2. Nf3 Nc6 3. Bb5 a6 4. Ba4 Nf6 5. 0-0 Be7 6. Re1 b5 7. Bb3 0-0 8. c3 d6 9. a4 Bg4 10. h3 Bxf3 11. Qxf3 Na5 12. Bc2 b4 13. d4 c5 14. d5 b3 15. Bd1 c4 16. Be3 h6 17. Nd2 Nh7 18. Be2 Rc8 19. Nf1 Bg5 20. Ng3 Bxe3 21. Qxe3 Nb7 22. Nf5 Rc5 23. f4 Re8 24. Rf1 Kh8 25. fxe5 Rxe5 26. Rf4 Qd7 27. Qg3 f6 28. h4 Rc8 29. Rg4 Rg8 30. Bxc4 Nc5 31. Nd4 Nxe4 32. Rxe4 Rxe4 33. Bxa6 Qe8 34. Bb5 Qh5 35. Bd3 Rxh4 36. Be2 Rh1+ 37. Kf2 Ng5 38. Bxh5 Ne4+ 39. Ke3 Nxg3 40. Rxh1 Nxh1 41. Bd1 Re8+ 42. Ne6 h5 43. Bxb3 Rb8 44. Nd4 Ng3 45. Nb5 Kg8 46. Bc2 Kf8 47. b4 Ke7 48. Nd4 Rc8 49. Nc6+ Kd7 50. Bg6 h4 51. a5 Rh8 52. c4 h3 53. gxh3 Kc7 54. Kf2 Rxh3 55. b5 Nh1+ 56. Kg2 Rg3+ 57. Kxh1 Rxg6 58. b6+ Kb7 59. Nd8+ Ka6 60. b7 Rh6+ 61. Kg2 Ka7 62. a6 Rh8 63. Nc6+ Kxa6 64. b8Q Rxb8 65. Nxb8+ Ka5 66. Nc6+ Kb6 67. Kf3 1-0

[Event "LSS SB-2010-0-00109"]
[Site "LSS email"]
[Date "2010.09.20"]
[Round "?"]
[White "Rattay, Walter"]
[Black "Luethi, Hansjuerg"]
[Result "1-0"]
[WhiteElo "1898"]
[BlackElo "1664"]
[PlyCount "101"]
[EventDate "2010.08.16"]
[EventType "tourn (corr)"]
[EventRounds "6"]
[EventCountry "GER"]
[SourceTitle "Telechess CBM 149"]
[Source "ChessBase"]
[SourceDate "2012.07.17"]
[SourceVersion "1"]
[SourceVersionDate "2012.07.17"]
[SourceQuality "1"]

1. e4 c5 2. Nf3 e6 3. d4 cxd4 4. Nxd4 a6 5. Nc3 Nc6 6. Be2 Qc7 7. 0-0 Nf6 8. Be3 Be7 9. f4 0-0 10. e5 Ne8 11. Qe1 d6 12. Qg3 Nxd4 13. Bxd4 b5 14. exd6 Bxd6 15. a4 b4 16. Ne4 Be7 17. Bd3 a5 18. Ng5 Bxg5 19. fxg5 Qxg3 20. hxg3 Nd6 21. Bc5 Rd8 22. Rfd1 Nb7 23. Be4 Rxd1+ 24. Rxd1 h6 25. gxh6 gxh6 26. Bd4 Ra6 27. Be5 Kf8 28. Rd4 Nc5 29. Bd6+ Rxd6 30. Rxd6 Bd7 31. b3 Ke7 32. Rd4 Be8 33. Bf3 f6 34. Kf2 e5 35. Rd5 Nb7 36. g4 Ke6 37. Rd3 Nc5 38. Rd8 Bg6 39. Rc8 Ne4+ 40. Bxe4 Bxe4 41. Rc5 Kd6 42. Rxa5 Bxc2 43. Rb5 Bxb3 44. a5 Bd5 45. a6 Bc6 46. Rxb4 Kc7 47. a7 Bb7 48. g3 Kc6 49. Kf3 Kc7+ 50. Ke3 Kc6 51. Ra4 1-0

[Event "LSS SB-2010-0-00109"]
[Site "LSS email"]
[Date "2010.09.19"]
[Round "?"]
[White "Luethi, Hansjuerg"]
[Black "Ponting, Andrew"]
[Result "1-0"]
[WhiteElo "1664"]
[BlackElo "1674"]
[PlyCount "69"]
[EventDate "2010.08.16"]
[EventType "tourn (corr)"]
[EventRounds "6"]
[EventCountry "GER"]
[SourceTitle "Telechess CBM 149"]
[Source "ChessBase"]
[SourceDate "2012.07.17"]
[SourceVersion "1"]
[SourceVersionDate "2012.07.17"]
[SourceQuality "1"]

1. e4 e5 2. Nf3 Nc6 3. Bb5 Nf6 4. 0-0 Nxe4 5. Qe2 Nd6 6. Bxc6 dxc6 7. Qxe5+ Qe7 8. Qa5 Qd8 9. Re1+ Be7 10. d3 0-0 11. Bf4 b6 12. Qc3 c5 13. Be5 Nb5 14. Qc4 Nd6 15. Qf4 Re8 16. Nbd2 Be6 17. a4 f6 18. Bc3 Qd7 19. Re2 Rad8 20. Rae1 Bf8 21. a5 Bf7 22. Ne4 Nxe4 23. dxe4 Bh5 24. e5 Qg4 25. Qe3 Bd6 26. h3 Qa4 27. Qe4 Qxe4 28. Rxe4 f5 29. Rf4 Bf8 30. Rxf5 Bg6 31. Rf4 Bxc2 32. Kh2 b5 33. Bd2 a6 34. h4 Bb3 35. Rfe4 1-0

[Event "LSS SB-2010-0-00108"]
[Site "LSS email"]
[Date "2010.09.16"]
[Round "?"]
[White "Luethi, Hansjuerg"]
[Black "Kazimierski, Tomasz"]
[Result "1-0"]
[WhiteElo "1861"]
[BlackElo "1877"]
[PlyCount "27"]
[EventDate "2010.08.07"]
[EventType "tourn (corr)"]
[EventRounds "6"]
[EventCountry "GER"]
[SourceTitle "Corr 2022"]
[Source "ChessBase"]
[SourceDate "2021.10.24"]
[SourceVersion "1"]
[SourceVersionDate "2021.10.24"]
[SourceQuality "1"]

1. e4 c6 2. d4 d5 3. Nc3 g6 4. Bf4 dxe4 5. Nxe4 Bh6 6. Bxh6 Nxh6 7. Qd2 Nf5 8. Nf3 Be6 9. c4 Nd6 10. Nxd6+ Qxd6 11. Qc3 0-0 12. Be2 Nd7 13. 0-0 Rab8 14. b4 1-0

[Event "LSS SB-2010-0-00108"]
[Site "LSS email"]
[Date "2010.09.15"]
[Round "?"]
[White "Malichev, Ivan"]
[Black "Luethi, Hansjuerg"]
[Result "1-0"]
[WhiteElo "1990"]
[BlackElo "1855"]
[PlyCount "87"]
[EventDate "2010.08.07"]
[EventType "tourn (corr)"]
[EventRounds "6"]
[EventCountry "GER"]
[SourceTitle "Telechess CBM 143"]
[Source "ChessBase"]
[SourceDate "2011.07.15"]
[SourceVersion "1"]
[SourceVersionDate "2011.07.15"]
[SourceQuality "1"]

1. e4 c5 2. Nf3 Nc6 3. d4 cxd4 4. Nxd4 g6 5. c4 Bg7 6. Be3 Nf6 7. Nc3 Ng4 8. Qxg4 Nxd4 9. Qd1 Nc6 10. Qd2 Qa5 11. Rc1 d6 12. Be2 0-0 13. 0-0 Be6 14. b3 f5 15. exf5 Bxf5 16. f4 a6 17. Bf3 Kh8 18. Rf2 Rae8 19. Ne4 Qc7 20. Rff1 Qd7 21. Rcd1 Qc8 22. h3 Qc7 23. Rfe1 Qd8 24. Bf2 Qc7 25. Ng5 Nd8 26. Bd5 a5 27. Re2 e5 28. fxe5 dxe5 29. Be3 Bc8 30. Rf2 Rf5 31. Rxf5 Bxf5 32. g4 Bc8 33. Rf1 Be6 34. Bxe6 Nxe6 35. Rf7 Qc6 36. Nxe6 Qxe6 37. Qd7 Qxd7 38. Rxd7 Rb8 39. Ba7 Rf8 40. Rxb7 Kg8 41. Rb8 Kf7 42. Rxf8+ Bxf8 43. Kg2 Ke6 44. Kf3 1-0